| 000 | 00455nam a2200169Ia 4500 | ||
|---|---|---|---|
| 008 | 220216s9999 xx 000 0 und d | ||
| 100 | _aKlockmann Oliver | ||
| 245 | 2 | _aA New silane for future requirements: Lower rolling resistance, lower VOCs | |
| 260 |
_bRubber World _c2006 |
||
| 300 | _a36-40 | ||
| 650 | _aRolling resistance | ||
| 650 | _aSilane | ||
| 700 | _aAlbert Philipp | ||
| 700 | _aHasse Andre | ||
| 700 | _aKorth Karsten | ||
| 942 | _cJS | ||
| 999 |
_c53448 _d53448 |
||